|
|
|
|
| LEADER |
00000nam a2200000 a 4500 |
| 001 |
vtls008355863 |
| 003 |
SK-MaSNL |
| 005 |
20260302003916.0 |
| 008 |
190102s1974 xo 000 slo |
| 015 |
|
|
|a SKSNBA1974/12-03192
|
| 035 |
|
|
|a SK01SNK19740048080
|
| 035 |
|
|
|a SKM000050543
|
| 040 |
|
|
|a SNK
|b slo
|c SNK
|e AACR2
|
| 041 |
1 |
|
|a slo
|
| 044 |
|
|
|a xo
|c SK
|
| 080 |
|
|
|a 669.2/.8.017.9(075.8)
|2 1981
|
| 100 |
1 |
|
|a Lukáč, Ivan
|4 aut
|9 268255
|
| 245 |
1 |
0 |
|a Vlastnosti a štruktúra neželezných kovov
|n 1
|c autori: Ivan Lukáč, Jarmila Grutková
|
| 260 |
|
|
|a Bratislava
|b Alfa
|a Košice
|b Vysoká škola technická
|c 1974
|e Bratislava
|f Západoslovenské tlačiarne 42
|
| 300 |
|
|
|a 153, [1] s.
|c 4°
|
| 490 |
1 |
|
|a Dočasná vysokoškolská učebnica
|
| 500 |
|
|
|a Ilustr. Lit. Tb. Fot. Grafy. Schémy
|
| 500 |
|
|
|a Vyd. Vysoká škola technická, Košice
|
| 563 |
|
|
|a 150 výtl.
|
| 650 |
0 |
7 |
|a neželezné kovy
|2 SNKPH
|9 31041
|
| 650 |
0 |
7 |
|a vlastnosti
|2 SNKPH
|9 314100
|
| 650 |
0 |
7 |
|a štruktúra
|2 SNKPH
|9 429184
|
| 655 |
|
7 |
|a učebnice
|2 SNKPH
|9 22521
|
| 655 |
|
7 |
|a učebnice vysokých škôl
|2 SNKPH
|9 70191
|
| 700 |
1 |
|
|a Grutková, Jarmila,
|d 1938-1999
|4 aut
|9 48653
|
| 830 |
|
0 |
|a Dočasná vysokoškolská učebnica
|9 279156
|
| 852 |
|
|
|a Slovenská národná knižnica v Martine
|b 10000
|h SB 21558/1
|
| 852 |
|
|
|a Slovenská národná knižnica v Martine
|b 10000
|h SB 21558/1 D1
|
| 958 |
|
|
|a RM
|
| 958 |
|
|
|a RK
|
| 958 |
|
|
|a NB
|
| 958 |
|
|
|a UV
|
| 999 |
|
|
|c 993821
|d 995751
|
| 952 |
|
|
|a SNK
|b SNK
|y PREZ
|7 0
|p 17A0920132
|o snkSB 21558/1
|0 0
|1 0
|4 0
|d 2012-07-24
|l 0
|r 2025-03-25 00:00:00
|w 2026-02-24
|
| 952 |
|
|
|t P60, <04>, [BOOK], {604}
|a SNK
|b SNK
|y VYP
|7 0
|p 17A0188981
|o snkSB 21558/1 D1
|0 0
|1 0
|4 0
|d 1999-04-09
|l 0
|r 2005-01-02 00:00:00
|w 2026-02-24
|